| 000 -CABECERA |
| campo de control de longitud fija |
00768nam a2200217 4500 |
| 005 - FECHA Y HORA DE LA ÚLTIMA TRANSACCIÓN |
| campo de control |
20210810143337.0 |
| 008 - DATOS DE LONGITUD FIJA--INFORMACIÓN GENERAL |
| campo de control de longitud fija |
210810s1974 pe |||fr||||f00| 0 spa d |
| 040 ## - FUENTE DE LA CATALOGACIÓN |
| Centro catalogador/agencia de origen |
CENDOC CAAAP |
| Lengua de catalogación |
spa |
| Centro/agencia transcriptor |
CAAAP |
| 041 ## - CÓDIGO DE LENGUA |
| Código de lengua del texto/banda sonora o título independiente |
spa |
| 050 ## - SIGNATURA TOPOGRÁFICA DE LA BIBLIOTECA DEL CONGRESO |
| Número de clasificación |
HA 1068.L6 |
| Número de documento/Ítem |
.P45 1972 |
| 110 1# - ENTRADA PRINCIPAL--NOMBRE DE ENTIDAD CORPORATIVA |
| 9 (RLIN) |
3898 |
| Nombre de entidad corporativa o nombre de jurisdicción como elemento de entrada |
Oficina Nacional de Estadística y Censos |
| 245 2# - MENCIÓN DE TÍTULO |
| Título |
Censos nacionales VII de población, II de vivienda : |
| Subtitulo |
departamento de Loreto / |
| Mención de responsabilidad, etc. |
Oficina Nacional de Estadística y Censos |
| 250 ## - MENCIÓN DE EDICIÓN |
| Mención de edición |
1ra ed. |
| 260 ## - PUBLICACIÓN, DISTRIBUCIÓN, ETC. |
| Lugar de publicación, distribución, etc. |
Lima : |
| Nombre del editor, distribuidor, etc. |
ONEC, |
| Fecha de publicación, distribución, etc. |
1974 |
| 300 ## - DESCRIPCIÓN FÍSICA |
| Extensión |
2 tomos ; |
| Dimensiones |
30 cm. |
| 505 ## - NOTA DE CONTENIDO CON FORMATO |
| Nota de contenido con formato |
Contiene : Resultados definitivos --Censos de Población --Censos de vivienda-- Anexos.<br/> |
| 650 10 - PUNTO DE ACCESO ADICIONAL DE MATERIA--TÉRMINO DE MATERIA |
| 9 (RLIN) |
1407 |
| Término de materia o nombre geográfico como elemento de entrada |
Censos |
| 650 #0 - PUNTO DE ACCESO ADICIONAL DE MATERIA--TÉRMINO DE MATERIA |
| 9 (RLIN) |
3296 |
| Término de materia o nombre geográfico como elemento de entrada |
Población |
| 650 #0 - PUNTO DE ACCESO ADICIONAL DE MATERIA--TÉRMINO DE MATERIA |
| 9 (RLIN) |
3768 |
| Término de materia o nombre geográfico como elemento de entrada |
Vivienda |
| 942 ## - ELEMENTOS PERSONALIZADOS KOHA |
| Fuente del sistema de clasificación o colocación |
|
| Fecha de catalogación |
10 - 08 - 21 |
| Tipo de ítem Koha |
Libros |